| 000 | 00392nam a22001457a 4500 | ||
|---|---|---|---|
| 003 | SGT | ||
| 020 | _a9780323459815 | ||
| 082 |
_a617.525 _bO16S |
||
| 100 | _aSteven J. Scrivani | ||
| 245 | _aOral and Maxillofacial Pain | ||
| 260 |
_aPhiladelphia, United States _bElsevier - Health Sciences Division _c2016 |
||
| 300 | _a233-442 | ||
| 650 | _aOral and Maxillofacial Surgery | ||
| 942 |
_2ddc _cBK |
||
| 999 |
_c18326 _d18326 |
||